Countries with Three or Four 1M+ Cities - Statistics

General Stats
  • This quiz has been taken 50 times
  • The average score is 16 of 22
Answer Stats
Hint Answer % Correct
South Africa Johannesburg
100%
Italy Milan
100%
Italy Naples
100%
Italy Rome
100%
South Africa Cape Town
98%
Taiwan Taipei
98%
Bangladesh Dhaka
95%
Bolivia La Paz
95%
Philippines Manila
95%
Italy Turin
95%
South Africa Durban
90%
Bangladesh Chittagong
69%
Philippines Cebu
67%
South Africa Port Elizabeth
67%
Bolivia Santa Cruz
57%
Philippines Davao
50%
Taiwan Kaohsiung
43%
Bolivia Cochabamba
33%
Taiwan Taichung
33%
Taiwan Tainan
29%
Philippines Angeles
26%
Bangladesh Khulna
24%
No matching quizzes found
Score Distribution
Percent of People with Each Score
Percentile by Number Answered
Your Score History
You have not taken this quiz